000 00466nam a22001697a 4500
005 20251108164651.0
008 250721s1993 xx 000 0 ara d
082 1 4 _a811.909/عبد
100 1 _aشرف، عبد العزيز
245 1 0 _aلكل زمان شعراؤه /
264 1 _aبيروت :
_bدار الجيل،
_c1993.
300 _a192ص
650 1 7 _aالشعر العربي
650 1 7 _aالنقد الأدبي
942 _2ddc
_cBK
999 _c11327
_d11327